000 00935cam a2200241 4500
001 WS119269
008 020808n 000 0 eng u
035 _a(Sirsi) u119269
110 _aEuropean Central Bank
_94322
245 _aEuropean Central Bank
520 _aWeb site for this European bank which governs the release and circulation of the Euro. Includes pages on European banking, details of publications, pages of statistics and details of the Trans European Real-Time Gross Settlement Express Transfer system (TARGET), an EU wide system for euro-payments.
650 _aEUROPE
650 _aINTERNATIONAL
650 _aEURO
650 _aBANK
650 _aCENTRAL BANKS
650 _aSTATISTICS
650 _aINTEREST RATES
650 _aValuation
_96273
690 _aPROPERTY-PROPERTY FINANCE AND INVESTMENT
856 4 0 _uhttps://www.ecb.int
_zView the website free of charge at www.ecb.int...
942 _n0
999 _c120155
_d120155